[Event "Zhukovsky op-A"]
[Site "Zhukovsky"]
[Date "2010.01.??"]
[Round "6"]
[White "Dzhaumutbaev, Erzhan"]
[Black "Gavrilenko, Viktor"]
[Result "0-1"]
[WhiteElo "2076"]
[BlackElo "2018"]
[PlyCount "92"]
[EventDate "2010.01.??"]
[EventType "swiss"]
[EventRounds "7"]
[EventCountry "RUS"]
[SourceTitle "EXT 2012"]
[Source "ChessBase"]
[SourceDate "2011.11.24"]
[SourceVersion "1"]
[SourceVersionDate "2011.11.24"]
[SourceQuality "1"]

1. e4 c5 2. Nf3 Nc6 3. c4 e5 4. Be2 Nf6 5. d3 d6 6. 0-0 Be7 7. Nc3 0-0 8. h3 Rb8 9. Be3 a6 10. Qd2 b5 11. b3 Bd7 12. a3 Nd4 13. Bxd4 cxd4 14. Nd5 Nxd5 15. exd5 bxc4 16. bxc4 Qc7 17. Rfb1 Rb6 18. Qc2 Rfb8 19. Nd2 R8b7 20. Rxb6 Rxb6 21. Rb1 Qb7 22. Rxb6 Qxb6 23. Qb3 Qc7 24. Bg4 f5 25. Bd1 g6 26. Kf1 Kg7 27. Qb4 a5 28. Qb2 Bd8 29. f4 Qb6 30. Qxb6 Bxb6 31. fxe5 dxe5 32. a4 Kf7 33. c5 Bxc5 34. Nc4 Kf6 35. Nxa5 e4 36. Nb3 Ba7 37. Nc1 Ke5 38. Bb3 g5 39. Ke2 Bc5 40. Bc2 Kxd5 41. Nb3 Ba7 42. Nd2 e3 43. Bb3+ Ke5 44. Nf1 Bc6 45. g3 f4 46. gxf4+ Kxf4 0-1

[Event "Zhukovsky Rating-A 08"]
[Site "Zhukovsky"]
[Date "2009.08.14"]
[Round "2"]
[White "Gavrilenko, Viktor"]
[Black "Guseynov, Vafadar"]
[Result "1-0"]
[WhiteElo "1965"]
[BlackElo "1880"]
[PlyCount "120"]
[EventDate "2009.08.14"]
[EventType "swiss"]
[EventRounds "7"]
[EventCountry "RUS"]
[SourceTitle "EXT 2022"]
[Source "ChessBase"]
[SourceDate "2021.10.06"]
[SourceVersion "1"]
[SourceVersionDate "2021.10.06"]
[SourceQuality "1"]

1. d4 Nf6 2. c4 g6 3. Nc3 Bg7 4. e4 d6 5. f3 0-0 6. Nge2 Nbd7 7. Ng3 c5 8. d5 a6 9. h4 h5 10. Bg5 Nh7 11. Bf4 Ne5 12. Qd2 Bd7 13. Bh6 Qa5 14. Bxg7 Kxg7 15. f4 Ng4 16. f5 b5 17. Bd3 Ne5 18. cxb5 axb5 19. 0-0 b4 20. Nce2 c4 21. Bc2 Rfc8 22. Kh1 Bb5 23. fxg6 fxg6 24. Nd4 Bd7 25. Nf3 c3 26. bxc3 bxc3 27. Qd4 Qc5 28. Qxc5 Rxc5 29. Nxe5 dxe5 30. Rf3 Nf6 31. a4 Bxa4 32. Rxa4 Rxa4 33. Bxa4 c2 34. Bxc2 Rxc2 35. Kg1 Rc4 36. Re3 Rc1+ 37. Nf1 Rc4 38. Ng3 Kf7 39. Rf3 e6 40. dxe6+ Kxe6 41. Re3 Ng4 42. Re1 Rc3 43. Nf1 Rd3 44. Ra1 Rd6 45. Re1 Kd7 46. Ne3 Nf6 47. Nc4 Re6 48. Nd2 Kc6 49. Nf3 Kc5 50. Rc1+ Kb4 51. Ng5 Rd6 52. Nf7 Ra6 53. Nxe5 Re6 54. Nxg6 Rxe4 55. Rf1 Ng4 56. Rf4 Rxf4 57. Nxf4 Nf6 58. Kf2 Kc5 59. Ke3 Kd6 60. Kd4 Ke7 1-0

[Event "Moscow op-B"]
[Site "Moscow"]
[Date "2009.02.01"]
[Round "2"]
[White "Kovach, Dmitri"]
[Black "Gavrilenko, Viktor"]
[Result "1-0"]
[WhiteElo "1400"]
[BlackElo "1969"]
[PlyCount "122"]
[EventDate "2009.01.31"]
[EventType "swiss"]
[EventRounds "9"]
[EventCountry "RUS"]
[SourceTitle "EXT 2012"]
[Source "ChessBase"]
[SourceDate "2011.11.24"]
[SourceVersion "1"]
[SourceVersionDate "2011.11.24"]
[SourceQuality "1"]

1. e4 c5 2. Nf3 Nc6 3. d4 cxd4 4. Nxd4 d6 5. Nc3 Nf6 6. Bg5 Qb6 7. Bb5 a6 8. Bxf6 gxf6 9. Nd5 Qa5+ 10. b4 Qa3 11. Bxc6+ bxc6 12. Nc7+ Kd8 13. Nxa8 Bb7 14. 0-0 Bxa8 15. Qd3 Qa4 16. Nf5 Rg8 17. c4 Kc7 18. Qb3 Qxb3 19. axb3 Bb7 20. f3 e6 21. Ne3 Bh6 22. Ng4 Bg5 23. Rfd1 h5 24. Nf2 Be3 25. Rd3 Bf4 26. Nh3 Bh6 27. Kf2 Bf8 28. Ra4 Kb6 29. g3 e5 30. Ng1 Bc8 31. Ne2 f5 32. Nc3 h4 33. Rd1 Rg6 34. Raa1 fxe4 35. Nxe4 f5 36. Nc3 Bg7 37. Rac1 Bh6 38. Rc2 Bf8 39. c5+ Kb7 40. Na4 d5 41. Rg1 Bh6 42. Re2 e4 43. gxh4 e3+ 44. Kf1 Re6 45. Reg2 d4 46. Ke2 Re7 47. Nb2 f4 48. Rg6 Rh7 49. Nc4 d3+ 50. Kxd3 Bf5+ 51. Ke2 Bxg6 52. Rxg6 Bg7 53. Rg4 Bh6 54. Ne5 Rg7 55. h3 Kc7 56. Nd3 Rf7 57. Rg6 Bf8 58. h5 Rf5 59. h6 Rh5 60. Nxf4 Rxh6 61. Rxh6 Bxh6 1-0

[Event "Zhukovsky op-A"]
[Site "Zhukovsky"]
[Date "2009.01.??"]
[Round "1"]
[White "Gavrilenko, Viktor"]
[Black "Kopylov, Ivan"]
[Result "1/2-1/2"]
[WhiteElo "1965"]
[BlackElo "2037"]
[PlyCount "91"]
[EventDate "2009.01.??"]
[EventType "swiss"]
[EventRounds "7"]
[EventCountry "RUS"]
[SourceTitle "EXT 2012"]
[Source "ChessBase"]
[SourceDate "2011.11.24"]
[SourceVersion "1"]
[SourceVersionDate "2011.11.24"]
[SourceQuality "1"]

1. Nf3 Nf6 2. e3 d5 3. c4 e6 4. b3 c5 5. Bb2 Be7 6. Be2 Nc6 7. 0-0 0-0 8. d3 b6 9. Na3 Bb7 10. Nc2 Qc7 11. h3 Rad8 12. Qe1 e5 13. cxd5 Nxd5 14. Rc1 Rfe8 15. a3 Bf6 16. b4 e4 17. Bxf6 Nxf6 18. dxe4 Nxe4 19. bxc5 bxc5 20. Bb5 a6 21. Bc4 Na5 22. Ba2 Bc6 23. Ncd4 cxd4 24. Nxd4 Rxd4 25. exd4 Qd8 26. Qb4 Bb5 27. Rfe1 Nc6 28. Qb3 Qf6 29. Qf3 Nxd4 30. Qxe4 g6 31. Qb7 Ne2+ 32. Kh1 Qxf2 33. Qf3 Qxf3 34. gxf3 Nxc1 35. Rxc1 Re3 36. Bd5 Rd3 37. Rc5 Rxa3 38. Rc7 Be8 39. Rc8 Kf8 40. Bc6 Re3 41. Ra8 f5 42. Kg2 f4 43. h4 Kf7 44. Bxe8+ Rxe8 45. Rxa6 h6 46. Kh3 1/2-1/2

[Event "Zhukovsky op-A"]
[Site "Zhukovsky"]
[Date "2009.01.??"]
[Round "7"]
[White "Gavrilenko, Viktor"]
[Black "Marchukov, Dmitry"]
[Result "1-0"]
[WhiteElo "1965"]
[BlackElo "2121"]
[PlyCount "143"]
[EventDate "2009.01.??"]
[EventType "swiss"]
[EventRounds "7"]
[EventCountry "RUS"]
[SourceTitle "EXT 2012"]
[Source "ChessBase"]
[SourceDate "2011.11.24"]
[SourceVersion "1"]
[SourceVersionDate "2011.11.24"]
[SourceQuality "1"]

1. d4 Nf6 2. Nf3 d6 3. c4 g6 4. Nc3 Bg7 5. e4 0-0 6. Bg5 Nbd7 7. Qd2 c5 8. d5 Qa5 9. Bd3 Rb8 10. 0-0 a6 11. Qe2 h6 12. Bd2 Ng4 13. h3 Nge5 14. Nxe5 Nxe5 15. f4 Nxd3 16. Qxd3 Bd7 17. f5 g5 18. Ne2 Qd8 19. Bc3 Bxc3 20. Qxc3 f6 21. h4 b5 22. hxg5 hxg5 23. b3 Qe8 24. Qf3 Kg7 25. Kf2 bxc4 26. bxc4 Rh8 27. Rh1 Rb4 28. Qc3 Qb8 29. Rac1 Ba4 30. g4 a5 31. Qa3 Rh4 32. Rxh4 gxh4 33. Qc3 Rb2 34. g5 Rxa2 35. gxf6+ exf6 36. Rg1+ Kf7 37. Rg6 Qb2 38. Rxf6+ Ke7 39. Re6+ Kd7 40. Qxb2 Rxb2 41. f6 Bd1 42. f7 Rb8 43. Nc3 Bh5 44. Nb5 Bxf7 45. Rxd6+ Ke7 46. Ra6 Be8 47. Rxa5 Bxb5 48. cxb5 c4 49. Ke3 Kd6 50. Kd4 Rc8 51. e5+ Kd7 52. Kc3 h3 53. Ra7+ Rc7 54. b6 Rxa7 55. bxa7 h2 56. a8Q h1Q 57. e6+ Kd6 58. Qb8+ Ke7 59. Qc7+ Kf6 60. Qxc4 Qe1+ 61. Kb3 Qb1+ 62. Ka4 Qa1+ 63. Kb5 Qb2+ 64. Kc6 Qg2 65. Qf4+ Kg7 66. Qf7+ Kh6 67. e7 Qc2+ 68. Kd6 Qh2+ 69. Kd7 Qb8 70. Qf6+ Kh7 71. Qf7+ Kh6 72. Qf8+ 1-0

[Event "Zhukovsky op-A"]
[Site "Zhukovsky"]
[Date "2008.11.28"]
[Round "8"]
[White "Gavrilenko, Viktor"]
[Black "Mikhedov, Konstantin"]
[Result "0-1"]
[WhiteElo "1980"]
[BlackElo "2346"]
[PlyCount "74"]
[EventDate "2008.11.28"]
[EventType "swiss"]
[EventRounds "9"]
[EventCountry "RUS"]
[SourceTitle "EXT 2022"]
[Source "ChessBase"]
[SourceDate "2021.10.06"]
[SourceVersion "1"]
[SourceVersionDate "2021.10.06"]
[SourceQuality "1"]

1. d4 Nf6 2. Nf3 g6 3. g3 Bg7 4. Bg2 0-0 5. 0-0 d6 6. c4 Nbd7 7. Nc3 e5 8. e3 c6 9. b3 Qe7 10. Bb2 Nh5 11. e4 exd4 12. Nxd4 a5 13. f4 Nc5 14. Rb1 Re8 15. Re1 Bg4 16. Qd2 Qd7 17. Nd1 Bxd1 18. Qxd1 f5 19. Qc2 fxe4 20. Bxe4 Nxe4 21. Rxe4 Rxe4 22. Qxe4 Re8 23. Qf3 Nf6 24. Rd1 Ng4 25. h3 Nf6 26. Kg2 Re7 27. Ba3 Qe8 28. Rd3 c5 29. Nb5 Re2+ 30. Kf1 Rxa2 31. Nxd6 Qd7 32. g4 Rxa3 33. g5 Qc6 34. Qxc6 bxc6 35. gxf6 Bxf6 36. Ke2 Bd4 37. Nc8 Kf7 0-1

[Event "Zhukovsky op-A"]
[Site "Zhukovsky"]
[Date "2008.11.28"]
[Round "3"]
[White "Rybakov, Sergey1111"]
[Black "Gavrilenko, Viktor"]
[Result "1-0"]
[WhiteElo "2189"]
[BlackElo "1980"]
[PlyCount "159"]
[EventDate "2008.11.28"]
[EventType "swiss"]
[EventRounds "9"]
[EventCountry "RUS"]
[SourceTitle "EXT 2022"]
[Source "ChessBase"]
[SourceDate "2021.10.06"]
[SourceVersion "1"]
[SourceVersionDate "2021.10.06"]
[SourceQuality "1"]

1. e4 c5 2. Nc3 Nc6 3. g3 g6 4. Bg2 Bg7 5. Nge2 e6 6. 0-0 Nge7 7. d3 0-0 8. Be3 Nd4 9. Qd2 Nec6 10. Nd1 b6 11. Nf4 e5 12. Nd5 Ne7 13. Nxe7+ Qxe7 14. c3 Nc6 15. Bh6 Ba6 16. Bxg7 Kxg7 17. Ne3 Qd6 18. Rad1 Rad8 19. f4 f6 20. Ng4 exf4 21. gxf4 f5 22. e5 Qe6 23. Nf6 d5 24. Rfe1 Ne7 25. d4 c4 26. Qf2 Ng8 27. Qh4 h6 28. Re3 Nxf6 29. exf6+ Qxf6 30. Re7+ Rf7 31. Rxf7+ Kxf7 32. Qxh6 Qe7 33. Qh7+ Kf6 34. Qh4+ Kf7 35. Qxe7+ Kxe7 36. Kf2 Kd6 37. Re1 Bb7 38. h4 Rh8 39. Kg3 Bc6 40. Bf3 a5 41. Re5 Re8 42. h5 gxh5 43. Rxf5 Rg8+ 44. Rg5 Re8 45. Rxh5 Re1 46. Rh6+ Kc7 47. f5 b5 48. f6 Re8 49. Kf4 Rf8 50. Kg5 b4 51. Rh7+ Kd6 52. Kg6 a4 53. a3 bxc3 54. bxc3 Be8+ 55. f7 Bd7 56. Kf6 Be6 57. Bh5 Rb8 58. Rh6 Kd7 59. Kg7 Bxf7 60. Bxf7 Rb3 61. Bxd5 Rxc3 62. Rc6 Rxa3 63. Rxc4 Ra1 64. Bc6+ Kd6 65. Bxa4 Kd5 66. Bb3 Kd6 67. Kf6 Rf1+ 68. Kg5 Rf3 69. Rb4 Kc6 70. Kg4 Rf1 71. d5+ Kc5 72. Rf4 Rb1 73. Rf3 Rb2 74. Kf4 Re2 75. Re3 Rf2+ 76. Ke5 Rf8 77. d6 Re8+ 78. Be6 Rh8 79. Rc3+ Kb6 80. d7 1-0

[Event "Zhukovsky Elo-C"]
[Site "Zhukovsky"]
[Date "2008.01.20"]
[Round "9"]
[White "Belyaev, Oleg"]
[Black "Gavrilenko, Viktor"]
[Result "1-0"]
[WhiteElo "2088"]
[BlackElo "2013"]
[PlyCount "97"]
[EventDate "2008.01.02"]
[EventType "tourn"]
[EventRounds "9"]
[EventCountry "RUS"]
[SourceTitle "EXT 2010"]
[Source "ChessBase"]
[SourceDate "2010.11.25"]
[SourceVersion "1"]
[SourceVersionDate "2010.11.25"]
[SourceQuality "1"]

1. e4 e6 2. d4 d5 3. Nc3 Bb4 4. e5 c5 5. a3 cxd4 6. axb4 dxc3 7. bxc3 Qc7 8. Qd4 Nc6 9. Bb5 Bd7 10. Bxc6 Qxc6 11. Ne2 b6 12. Bg5 h6 13. Bh4 g5 14. Bg3 Ne7 15. Qd2 Qc4 16. Qd3 Bb5 17. Qxc4 Bxc4 18. h4 Rg8 19. hxg5 hxg5 20. Nd4 Nf5 21. Nxf5 exf5 22. f3 Kd7 23. Kd2 a5 24. Bf2 a4 25. Bxb6 a3 26. Bd4 a2 27. Kc1 Rh8 28. e6+ fxe6 29. Rxh8 Rxh8 30. Bxh8 Kd6 31. Kb2 e5 32. Re1 e4 33. Bf6 g4 34. fxg4 f4 35. Bd4 Ke6 36. b5 Bxb5 37. Kxa2 Kf7 38. Be5 f3 39. gxf3 exf3 40. Bg3 Bc4+ 41. Ka3 Kg6 42. Bh4 Be2 43. Kb4 f2 44. Bxf2 Bxg4 45. Rg1 Kf5 46. Rxg4 Kxg4 47. Kc5 Kf3 48. Bd4 Kf4 49. Kxd5 1-0

[Event "Zhukovsky Elo-C"]
[Site "Zhukovsky"]
[Date "2008.01.02"]
[Round "1"]
[White "Gavrilenko, Viktor"]
[Black "Dolgova, Tamara"]
[Result "1-0"]
[WhiteElo "2013"]
[BlackElo "1914"]
[PlyCount "69"]
[EventDate "2008.01.02"]
[EventType "tourn"]
[EventRounds "9"]
[EventCountry "RUS"]
[SourceTitle "EXT 2010"]
[Source "ChessBase"]
[SourceDate "2010.11.25"]
[SourceVersion "1"]
[SourceVersionDate "2010.11.25"]
[SourceQuality "1"]

1. Nf3 Nf6 2. c4 c5 3. Nc3 Nc6 4. e4 e5 5. d3 d6 6. h3 Be7 7. Be2 0-0 8. 0-0 Ne8 9. Nd5 Nc7 10. Nxe7+ Qxe7 11. Bg5 f6 12. Bh4 Ne6 13. Ne1 Nf4 14. Bg4 Ng6 15. Bg3 f5 16. exf5 Bxf5 17. Qf3 Qe6 18. Nc2 Bxg4 19. Qxg4 Qxg4 20. hxg4 Nf4 21. Bxf4 exf4 22. Rae1 Ne5 23. f3 Nxd3 24. Re7 Nxb2 25. Rb1 Nxc4 26. Rbxb7 Rfb8 27. Rxg7+ Kf8 28. Rbf7+ Ke8 29. Rxf4 d5 30. Kh2 d4 31. Ne1 Nb2 32. Rff7 c4 33. Rxh7 d3 34. Rc7 Kd8 35. Rcg7 1-0

[Event "Chigorin Memorial-B 14th"]
[Site "St Petersburg"]
[Date "2006.10.26"]
[Round "5"]
[White "Gavrilenko, Viktor"]
[Black "Jacobsen, Maria Pitz"]
[Result "0-1"]
[WhiteElo "2056"]
[BlackElo "1838"]
[PlyCount "96"]
[EventDate "2006.10.23"]
[EventType "swiss"]
[EventRounds "9"]
[EventCountry "RUS"]
[SourceTitle "EXT 2007"]
[Source "ChessBase"]
[SourceDate "2006.11.23"]
[SourceVersion "1"]
[SourceVersionDate "2006.11.23"]
[SourceQuality "1"]

1. d4 Nf6 2. Nf3 e6 3. a3 d5 4. c4 Be7 5. Nc3 0-0 6. c5 b6 7. b4 a5 8. Bb2 c6 9. e3 Na6 10. Ne5 Qc7 11. Na4 axb4 12. Nxb6 Ra7 13. Bxa6 Bxa6 14. axb4 Bb5 15. f3 Bd8 16. Ra5 Qb7 17. Qa1 Bxb6 18. cxb6 Ra6 19. Kf2 Qxb6 20. Rc1 Rfa8 21. Bc3 Qb7 22. Rc2 Rxa5 23. bxa5 Ne8 24. Qa3 f6 25. Ng4 h5 26. Ne5 fxe5 27. dxe5 g5 28. h4 g4 29. f4 Qh7 30. Rd2 Qb1 31. Qa1 Qxa1 32. Bxa1 Rxa5 33. Bd4 Bc4 34. Kg3 Ng7 35. Kf2 Ra2 36. Bb2 Ra4 37. g3 Bb5 38. Bd4 Rc4 39. Rb2 Nf5 40. Ba7 Rc1 41. Kg2 Re1 42. Kf2 Rf1+ 43. Kg2 Rf3 44. Rb3 Rxg3+ 45. Kf2 Rf3+ 46. Kg1 Nxh4 47. Rb1 g3 48. Re1 g2 0-1

[Event "Chigorin Memorial-B 14th"]
[Site "St Petersburg"]
[Date "2006.10.25"]
[Round "3"]
[White "Gavrilenko, Viktor"]
[Black "Thouvenin, Marika"]
[Result "1-0"]
[WhiteElo "2056"]
[BlackElo "1607"]
[PlyCount "63"]
[EventDate "2006.10.23"]
[EventType "swiss"]
[EventRounds "9"]
[EventCountry "RUS"]
[SourceTitle "EXT 2007"]
[Source "ChessBase"]
[SourceDate "2006.11.23"]
[SourceVersion "1"]
[SourceVersionDate "2006.11.23"]
[SourceQuality "1"]

1. Nf3 Nf6 2. c4 g6 3. Nc3 Bg7 4. d4 d6 5. e4 0-0 6. Be2 e5 7. 0-0 Nc6 8. d5 Ne7 9. Ne1 Nd7 10. Bg5 h6 11. Bh4 Qe8 12. Nb5 Qd8 13. Bxe7 Qxe7 14. Nxc7 Rb8 15. Nb5 Ra8 16. Nd3 a6 17. Nc3 f5 18. f3 f4 19. b4 g5 20. Na4 b6 21. Rc1 h5 22. c5 Nf6 23. cxd6 Qxd6 24. Rc6 Qd8 25. Nxb6 Rb8 26. Nxc8 Rxc8 27. Qc2 Rb8 28. Rc1 g4 29. Rxa6 gxf3 30. Bxf3 Ng4 31. Rg6 Ne3 32. Qc7 1-0

[Event "Chigorin Memorial-B 14th"]
[Site "St Petersburg"]
[Date "2006.10.25"]
[Round "4"]
[White "Krasnov, Vasiliy G"]
[Black "Gavrilenko, Viktor"]
[Result "1-0"]
[WhiteElo "2172"]
[BlackElo "2056"]
[PlyCount "117"]
[EventDate "2006.10.23"]
[EventType "swiss"]
[EventRounds "9"]
[EventCountry "RUS"]
[SourceTitle "EXT 2007"]
[Source "ChessBase"]
[SourceDate "2006.11.23"]
[SourceVersion "1"]
[SourceVersionDate "2006.11.23"]
[SourceQuality "1"]

1. d4 Nf6 2. Bg5 Ne4 3. Bf4 g5 4. Be5 Nf6 5. h4 g4 6. e3 d6 7. Bxf6 exf6 8. Bd3 h5 9. Ne2 f5 10. c3 Be7 11. g3 Be6 12. Nf4 d5 13. Qc2 Qd7 14. Nd2 c5 15. dxc5 Bxc5 16. Nb3 Bb6 17. 0-0-0 Nc6 18. Kb1 Rc8 19. Qe2 Qe7 20. Rhe1 Rd8 21. Bb5 Kf8 22. Qc2 Ne5 23. Bf1 Kg7 24. Bg2 Nf3 25. Bxf3 gxf3 26. Nd2 f6 27. Nxf3 Bf7 28. Nd4 Bxd4 29. Rxd4 Qe5 30. Red1 Rd6 31. Qe2 Kh6 32. R1d2 Rhd8 33. Qd1 b5 34. Qb3 a6 35. a4 bxa4 36. Rxa4 Rc6 37. Qb7 Be8 38. Qb4 Bf7 39. Rd4 Rb8 40. Qa3 Rcb6 41. Rab4 Rxb4 42. Rxb4 Rxb4 43. Qxb4 Qe4+ 44. Qxe4 fxe4 45. b4 Kg7 46. Kb2 Kf8 47. Ka3 Ke7 48. Ka4 Kd7 49. Ka5 d4 50. exd4 Bc4 51. Kb6 Kd6 52. Nxh5 Ke6 53. Kc5 Bb5 54. g4 f5 55. Nf4+ Kf6 56. g5+ Kg7 57. c4 Ba4 58. b5 a5 59. b6 1-0

[Event "EU-ch Seniors 06th"]
[Site "Davos"]
[Date "2006.08.13"]
[Round "9"]
[White "Gavrilenko, Viktor"]
[Black "Krebs, Dietmar"]
[Result "1-0"]
[WhiteElo "2025"]
[BlackElo "2134"]
[PlyCount "63"]
[EventDate "2006.08.05"]
[EventType "swiss"]
[EventRounds "9"]
[EventCountry "SUI"]
[SourceTitle "CBM 113 Extra"]
[Source "ChessBase"]
[SourceDate "2006.09.14"]
[SourceVersion "1"]
[SourceVersionDate "2006.09.14"]
[SourceQuality "1"]

1. d4 g6 2. c4 Bg7 3. Nc3 d6 4. e4 Nc6 5. Be3 e5 6. Nge2 exd4 7. Nxd4 Nge7 8. Be2 0-0 9. Qd2 Nxd4 10. Bxd4 Nc6 11. Bxg7 Kxg7 12. h4 h6 13. 0-0-0 Be6 14. Nd5 Bxd5 15. exd5 Ne5 16. f4 Nd7 17. g4 Qe7 18. Bf3 Rae8 19. Rde1 Qd8 20. g5 Rxe1+ 21. Rxe1 hxg5 22. hxg5 Re8 23. Qd4+ f6 24. Rg1 Qe7 25. Kd2 Kf7 26. Rh1 Nf8 27. f5 Qe5 28. fxg6+ Nxg6 29. Qxe5 Nxe5 30. Bh5+ Ng6 31. Rf1 f5 32. Rxf5+ 1-0

[Event "EU-ch Seniors 06th"]
[Site "Davos"]
[Date "2006.08.07"]
[Round "3"]
[White "Gavrilenko, Viktor"]
[Black "Arkhangelsky, Boris Nikolaevich"]
[Result "0-1"]
[WhiteElo "2025"]
[BlackElo "2395"]
[PlyCount "58"]
[EventDate "2006.08.05"]
[EventType "swiss"]
[EventRounds "9"]
[EventCountry "SUI"]
[SourceTitle "CBM 113 Extra"]
[Source "ChessBase"]
[SourceDate "2006.09.14"]
[SourceVersion "1"]
[SourceVersionDate "2006.09.14"]
[SourceQuality "1"]

1. d4 d5 2. Nf3 c6 3. e3 Nf6 4. c4 e6 5. Bd3 dxc4 6. Bxc4 b5 7. Bd3 a6 8. 0-0 c5 9. dxc5 Bxc5 10. Qc2 Nbd7 11. Nc3 Bb7 12. a3 Rc8 13. Qe2 0-0 14. Rd1 Qc7 15. h3 Ba7 16. e4 Nc5 17. Bg5 Nxd3 18. Rxd3 Nh5 19. Be3 Nf4 20. Bxf4 Qxf4 21. g3 Qxg3+ 22. Kh1 Qxf2 23. Qxf2 Bxf2 24. Rf1 Bc5 25. Ne5 b4 26. Rd7 Ba8 27. axb4 Bxb4 28. Nxf7 Bc6 29. Ra7 Bc5 0-1

[Event "Moscow June op"]
[Site "Moscow"]
[Date "2006.07.08"]
[Round "5"]
[White "Gavrilenko, Viktor"]
[Black "Losev, Anatoly"]
[Result "1-0"]
[WhiteElo "2025"]
[BlackElo "2054"]
[PlyCount "61"]
[EventDate "2006.06.24"]
[EventType "swiss"]
[EventRounds "9"]
[EventCountry "RUS"]
[SourceTitle "EXT 2008"]
[Source "ChessBase"]
[SourceDate "2007.11.25"]
[SourceVersion "1"]
[SourceVersionDate "2007.11.25"]
[SourceQuality "1"]

1. d4 Nf6 2. Nf3 e6 3. c4 d5 4. Nc3 c5 5. e3 Nc6 6. Be2 dxc4 7. Bxc4 Be7 8. 0-0 0-0 9. d5 Na5 10. b3 exd5 11. Nxd5 Nxc4 12. bxc4 Bg4 13. Bb2 Ne4 14. Qd3 Bxf3 15. gxf3 Ng5 16. Qf5 Qe8 17. Kh1 f6 18. h4 g6 19. Qg4 Nf7 20. Bxf6 Bd6 21. h5 Ne5 22. Qe4 Qe6 23. Ne7+ Bxe7 24. Bxe5 Qh3+ 25. Bh2 Qxf3+ 26. Qxf3 Rxf3 27. hxg6 hxg6 28. Bf4 Rh3+ 29. Kg2 Rh5 30. Rad1 g5 31. Bg3 1-0